=LDR 00000nam 2200000 4500 =001 INLIS00000000000041 =005 20260702043538 =020 ##$$a 978-623-97672-3-5 =082 ##$$a 006.584 =100 1#$$a Ara, Sabrina =245 1 $$a Is It Bad Or Good Habits /$c Sabrina Ara =300 ##$$a vi+134 hlm. ; 14 x 20 cm